Անկախ Հայաստան : (Record no. 211559)
[ view plain ]
| 000 -LEADER | |
|---|---|
| fixed length control field | 00735nam a2200205 a 4500 |
| 003 - CONTROL NUMBER IDENTIFIER | |
| control field | AM-YeHGA |
| 040 ## - CATALOGING SOURCE | |
| Original cataloging agency | AM-YeHGA |
| 090 ## - LOCALLY ASSIGNED LC-TYPE CALL NUMBER (OCLC); LOCAL CALL NUMBER (RLIN) | |
| -- | 213071 |
| 001 - CONTROL NUMBER | |
| control field | 000550491 |
| 005 - DATE AND TIME OF LATEST TRANSACTION | |
| control field | 20250618073125.0 |
| 008 - FIXED-LENGTH DATA ELEMENTS--GENERAL INFORMATION | |
| fixed length control field | 070917s1919 ai r 000 0 arm d |
| 041 0# - LANGUAGE CODE | |
| Language code of text/sound track or separate title | arm |
| 100 1# - MAIN ENTRY--PERSONAL NAME | |
| Personal name | Արամյան, Հմայակ Հայրապետի, |
| Dates associated with a name | 1878-1919 |
| 9 (RLIN) | 770 |
| 245 10 - TITLE STATEMENT | |
| Title | Անկախ Հայաստան : |
| Remainder of title | Պատմութիւն Հնչակեան կուսակցութեան / |
| Statement of responsibility, etc. | Արամեանց Հմայակ. |
| 260 ## - PUBLICATION, DISTRIBUTION, ETC. | |
| Place of publication, distribution, etc. | Կ. Պոլիս : |
| Name of publisher, distributor, etc. | Սանճագճեան, |
| Date of publication, distribution, etc. | 1919. |
| 300 ## - PHYSICAL DESCRIPTION | |
| Extent | հատոր. |
| 505 1# - FORMATTED CONTENTS NOTE | |
| Miscellaneous information | Հ. 3 (1919, 46 էջ) |
| 650 14 - SUBJECT ADDED ENTRY--TOPICAL TERM | |
| Topical term or geographic name entry element | Կուսակցական գործիչներ |
| General subdivision | Հնչակյան կուսակցություն |
| 942 ## - ADDED ENTRY ELEMENTS (KOHA) | |
| Source of classification or shelving scheme | Universal Decimal Classification |
| Koha item type | Գրքեր / Books |
| Withdrawn status | Lost status | Damaged status | Not for loan | Collection | Home library | Current library | Date acquired | Cost, normal purchase price | Total checkouts | Full call number | Barcode | Date last seen | Price effective from | Koha item type | Public note | Source of classification or shelving scheme | Serial enumeration / chronology |
|---|---|---|---|---|---|---|---|---|---|---|---|---|---|---|---|---|---|
| General | Fundamental Scientific Library | Fundamental Scientific Library | 28/12/2016 | 50.00 | AII/10200 | FL0016087 | 28/12/2016 | 28/12/2016 | Գրքեր / Books | 30 Days Loan | |||||||
| Alpoiajian Individual Collection | Fundamental Scientific Library | Fundamental Scientific Library | 18/07/2019 | Ալպ/4186 | FL0594663 | 18/07/2019 | 18/07/2019 | Գրքեր / Books | ILL Non-Circ | Universal Decimal Classification | Հ. 3 |
ՀՀ Գիտությունների ազգային ակադեմիայի հիմնարար գիտական գրադարան = Fundamental Scientific Library of NAS RA
All site content, except where otherwise noted, is licensed under a